Statistics for Oldest and Most Populous Cities (Asia, Top 30, Countries)

Click here to take the quiz!

General Stats

  • This quiz has been taken 11 times
  • The average score is 14 of 30

Answer Stats

AgeCountryPopulationCity% Correct
7250 BCJordan5,700,000Amman
100%
9000 BCSyria3,900,000Damascus
100%
6000 BCIran15,500,000Tehran
90%
c. 4700 BCChina7,100,000Xi'an
90%
5000 BCSyria1,940,000Aleppo
80%
2000 BCIraq7,150,000Baghdad
80%
3300 BCPalestine2,025,000Gaza
80%
c. 2700 BCIran3,250,000Isfahan
80%
c. 6500 BCTurkey3,050,000İzmir
80%
c. 3000 BCArmenia1,500,000Yerevan
80%
c. 3000 BCIsrael1,010,000Jerusalem
70%
2400s BCIraq1,430,000Mosul
70%
6000 BCTurkey1,750,000Adana
60%
5200 BCTurkey2,125,000Bursa
60%
3000 BCTurkey1,330,000Konya
60%
2300 BCIraq1,120,000Erbil
50%
3000s BCTurkey1,700,000Gaziantep
50%
2070 BCChina2,650,000Luoyang
40%
c. 3000 BCChina7,550,000Hong Kong
30%
c. 2300s BCIraq1,050,000Kirkuk
30%
c. 2500 BCChina5,400,000Wenzhou
10%
4700 BCChina1,150,000Chifeng
0%
6500 BCChina1,730,000Handan
0%
4800 BCChina3,325,000Ningbo
0%
2000s BCChina1,270,000Rizhao
0%
c. 4100 BCChina1,490,000Tai'an
0%
2000s BCIndia1,230,000Tiruchirappalli
0%
3500 BCChina1,580,000Xingtai
0%
2500 BCChina1,530,000Zhangjiakou
0%
before 2070 BCChina5,100,000Zhengzhou
0%

Score Distribution

Percentile by Number Answered

Percent of People with Each Score

Your Score History

You have not taken this quiz